000 02670cam a22005654i 4500
003 PE-LiUPU
005 20250731180048.0
008 150617s r 000 0 d
020 _a9687270608
035 _a(Sirsi) i9789687270609
040 _aPE-LiUPU
_bspa
_cPE-LiUPU
_erda
049 _aPRUA
082 0 4 _a519.5
_bM77
_221
100 1 _aMontgomery, Douglas C.,
_eautor.
245 1 0 _aDiseño de Análisis de Experimentos /
_cDouglas C. Montgomery.
264 1 _aMéxico :
_bGrupo editorial iberoamericano,
_c1991.
300 _a589 páginas :
_bil. ;
_c24 centímetros
336 _atext
_2rdacontent
337 _aunmediated
_2rdamedia
338 _avolume
_2rdacarrier
504 _aIncluye bibliografía.
505 0 _aIntroducción. -Experimentos de comparación simples. -Experimentos con un solo factor: análisis de variancia. -Más sobre experimentos unifactoriales. -Bloques aleatorizados, cuadrados latinos, diseños relacionados. -Introdución a los diseños factoriales. -Reglas para sumas de cuadrados y paramedias de cuadrados esperadas. -Diseño factorial 2k. -Técnica de confusión en el diseño factorial 2k. -Diseños factoriales fraccionarios de dos niveles. -Algunos otros temas acerca de los diseños factoriales y factoriales fraccionarios. -Diseños jerárquicos (o anidados). -Experimentos multifactoriales con restricciones de aleatorización. -Análisis de regresión. -Métodos y diseños de superficies de respuesta. -Análisis de covariancia.
526 _aSEG44
526 _aSEG26
526 _aP159
526 _aP155
526 _aP154
526 _aP153
526 _aP150
526 _aP100
526 _aP31
526 _aP30
526 _aP26
526 _aP25
526 _aP24
526 _aP22
526 _aP15
526 _aP10
650 0 4 _aDiseño experimental
_xProceso de datos.
910 _ajck
_bjvq
_cjck
_d20150616
942 _2ddc
_cBOOK
949 _a519.5 M77
_wDEWEY
_c1
_i35363
_lCCODEBUL1
_mBUL
_r0
_sY
_tBOOK
_u2015-6-17
_xEDUCACION
_zUNKNOWN
_0COMPRA
_o.STAFF. Colección General
949 _a519.5 M77
_wDEWEY
_c2
_i35131
_lCCODEBUL1
_mBUL
_r0
_sY
_tBOOK
_u2015-6-17
_xEDUCACION
_zUNKNOWN
_0COMPRA
_o.STAFF. Colección General
994 _aC0
_bPEPRU
596 _a1
999 _a519.5 M77
_wDEWEY
_c4610
_i35363
_d4610
_e2018-8-15
_f2019-2-19
_g3
_lLOST
_mBUL
_n2
_r0
_sY
_tBOOK
_u2015-6-17
_xEDUCACION
_zUNKNOWN
_0COMPRA
_o.STAFF. Colección General
999 _a519.5 M77
_wDEWEY
_c2
_i35131
_d2018-9-17
_f2022-6-6
_g5
_lCCODEBUL1
_mBUL
_q1
_r0
_sY
_tBOOK
_u2015-6-17
_xEDUCACION
_zUNKNOWN
_0COMPRA
_o.STAFF. Colección General
980 _81
_gALBERTO SANCHEZ Responsable de Automatización